Movies Quiz

Random Movies or Quote Quiz
Score 0/20 Timer 12:00
0 Plays Today
Quote Movie % Correct
If you learn the 5 'd's of Dodgeball, no amount of balls on Earth can hit you.Dodgeball
90%
Well I have some good news, and some bad news. The good news is, I found your hat Woody!Toy Story 2
80%
I do wish I could chat longer, but I'm having an old friend for dinner. Ta-ta.Silence of the Lambs
75.4%
Why do we fall, Master Wayne? So we can learn to pick ourselves up.Batman Begins
74.9%
Ben...for God's sakes...it's like stealing a national monument, OK? It's like stealing him. It can't be done...not it shouldn't be done, it CAN'T be done. Let me prove it to you.National Treasure
69.9%
You have a debt to pay. You've been captain of the Black Pearl for 13 years! That was our agreement!Pirates of the Caribbean: Dead Man's Chest
67.8%
'Wait! The prisoner wishes to say something.' 'FREEDOM!!!!'Braveheart
61.9%
Remember, remember the 5th of November, the Gunpowder Treason and Plot...V for Vendetta
59.5%
Might I point out that we are still short one pirate lord, and I'm as content as a cucumber to wait until Sao Feng joins us.Pirates of the Caribbean: At World's End
56.4%
She's safe, just like I promised; she's all set to marry Norrington just like she promised; and you get to die for her just like you promised.Pirates of the Caribbean: Curse of the Black Pearl
50.1%
Quote Movie % Correct
I'm saying that when the president does it, that means it's not illegalFrost/Nixon
46.4%
My friends...you bow to no one.Lord of the Rings: Return of the King
40.3%
I could've done so much more...this Nazi pin...1...maybe even 2 more...and this car...that's another 10 at least...I could've done so much more!Schindler's List
32.8%
Stack that wall high men! Unless I miss my guess, we're in for one wild night.300
30.6%
You can't expect to fall on your knees in the middle of the freeway and live to talk about it, son.Bruce Almighty
25.3%
Now we are free.Gladiator
14.7%
Behold his mighty hand!The Ten Commandments
5.1%
No...it's early...mice need fruit for energy.Mouse Hunt
3.7%
Can you see that I will always be your friend?Dances with Wolves
2%
'I'm gonna go up and tell him the good news. How do I look?' 'Fantastic.'Kramer vs. Kramer
0.6%

You're not logged in!

Compare scores with friends on all Sporcle quizzes.
OR
Log In

Sporcle TV

Today on Sporcle TV


Watch our educational content, quiz creation guides, and fun videos on Sporcle TV.

Show Comments

Extras

Created Sep 25, 2009ReportNominate
Tags:Quote Quiz

Top Quizzes Today


Score Distribution

Paid Content

Your Account Isn't Verified!

In order to create a playlist on Sporcle, you need to verify the email address you used during registration. Go to your Sporcle Settings to finish the process.

Report this User

Report this user for behavior that violates our Community Guidelines.

Details: